| 000 | 01494nas a2200277Ia 4500 | ||
|---|---|---|---|
| 001 | R050-S6820 | ||
| 003 | IT-CnALBA | ||
| 008 | 170116c99999999xx |||||||||||| ||und|| | ||
| 040 |
_aIT-CnALBA _cIT-CnALBA |
||
| 041 | _aITALIANO | ||
| 100 | _aMARRAS VINCENZO | ||
| 210 | _aJESUS | ||
| 222 | _aJESUS | ||
| 245 | 0 | _aJESUS: RIVISTA DI CULTURA E ATTUALITÀ RELIGIOSA. OTTOBRE 2004. SULLE VETTE DEGLI DEI. | |
| 250 | _a1a ed. | ||
| 260 |
_aCINISELLO BALSAMO (MI) _bPERIODICI SAN PAOLO ED. _c2004 [1° Ed.:2004 - Ed.Ling.Originale: 2004] |
||
| 300 | _a100 p. | ||
| 310 | _aMENSILE | ||
| 362 | _aFascicolo: 10 / Anno: 26 (2004) | ||
| 500 | _aRELIGIONI E SACRI MONTI. I NUOVI CATTIVI MAESTRI. CATECHESI SIMBOLICA. LA PAROLA AI BAMBINI. ANTICIPAZIONE MIRACOLI. I VOLTI DELLA SANITÀ. LA SIGNORA NESSUNO. FEDE E GRAZIA. MALI TERMINALI: CURE PALIATIVE O ACCANIMENTO TERAPEUTICO? UN ASCENSORE PER IL CIELO. DAL MONDO DELLA FEDE. L'AVVENIMENTO. PICCOLI PROFETI. | ||
| 501 | _aSocietà San Paolo EM - Piazza San Paolo, 14 - 12051 ALBA (CN) (non commercial uses only) ® Copyright 2017 | ||
| 520 | _aRELIGIONI E SACRI MONTI. I NUOVI CATTIVI MAESTRI. CATECHESI SIMBOLICA. LA PAROLA AI BAMBINI. ANTICIPAZIONE MIRACOLI. I VOLTI DELLA SANITÀ. LA SIGNORA NESSUNO. FEDE E GRAZIA. MALI TERMINALI: CURE PALIATIVE O ACCANIMENTO TERAPEUTICO? UN ASCENSORE PER IL CIELO. DAL MONDO DELLA FEDE. L'AVVENIMENTO. PICCOLI PROFETI. | ||
| 650 | _aSCIENZE UMANE E RELIGIOSE | ||
| 942 | _cCR | ||
| 957 | _71 | ||
| 999 |
_a76380 _bNO _g1 _c335046 _d335046 |
||